Driving while intoxicated among individuals initially untreated for alcohol use disorders : One- and sixteen-year follow-ups /
Saved in:
| Other Authors: | , , , , |
|---|---|
| Format: | Article |
| Language: | English |
| Subjects: | |
| Tags: |
Add Tag
No Tags, Be the first to tag this record!
|
| Institutions: | Thư viện Trường Đại học Đà Lạt |
|---|
| LEADER | 01070nam a2200349 4500 | ||
|---|---|---|---|
| 001 | DLU110130215 | ||
| 005 | ##20111223 | ||
| 040 | # | # | |a DLU |b eng |
| 041 | # | # | |a eng |
| 044 | # | # | |a us |
| 245 | # | # | |a Driving while intoxicated among individuals initially untreated for alcohol use disorders : One- and sixteen-year follow-ups / |c Christine Timko ... [et al.]. |
| 653 | # | # | |a Alcohol use |
| 653 | # | # | |a Drunk driving |
| 653 | # | # | |a Drunkenness |
| 653 | # | # | |a Psychotherapy |
| 653 | # | # | |a Risk factors |
| 653 | # | # | |a Studies |
| 700 | # | # | |a Blonigen, Daniel M. |
| 700 | # | # | |a Desai, Akash. |
| 700 | # | # | |a Moos, Bernice S. |
| 700 | # | # | |a Moos, Rudolf H. |
| 700 | # | # | |a Timko, Christine. |
| 773 | # | # | |t Journal of studies on alcohol and drugs |g Vol. 72, no. 2 (March 2011), p. 173-184 |
| 920 | # | # | |a Phòng Tạp chí -- Trung tâm Thông tin - Thư viện Trường Đại học Đà Lạt |
| 994 | # | # | |a DLU |
| 900 | # | # | |a True |
| 911 | # | # | |a Trương Bảo Trâm Anh |
| 925 | # | # | |a G |
| 926 | # | # | |a A |
| 927 | # | # | |a BB |
| 980 | # | # | |a Thư viện Trường Đại học Đà Lạt |